Name That Pastry - Statistics

General Stats
  • This quiz has been taken 244 times
  • The average score is 16 of 20
Answer Stats
Picture Answer % Correct
Toast
99%
Croissant
98%
Pancake
92%
Waffle
91%
Cookie
89%
Doughnut
89%
Oreo
89%
Muffin
88%
Baguette
86%
Biscuit
86%
Crêpe
83%
Macaron
83%
Tiramisu
83%
Bagel
81%
Gingerbread
80%
Red Velvet Cake
78%
Layer Cake
71%
Black Forest Cake
51%
Brioche
40%
Palmier
30%
No matching quizzes found
Score Distribution
Percent of People with Each Score
Percentile by Number Answered
Your Score History
You have not taken this quiz